| 000 | 00642nam a22001817a 4500 | ||
|---|---|---|---|
| 020 | _a9693525906 | ||
| 082 |
_a891.4309 _bAKH |
||
| 100 | _aAkhtar, Saleem | ||
| 245 | _aUrdu Adab Ki Mukhtasar Tareen Tareekh/ | ||
| 260 |
_aLahore: _bSang-e-Meel Publications, _c2018. |
||
| 300 |
_a720 p. _c24cm, |
||
| 563 | _aHB. | ||
| 650 |
_aHistory - Urdu Literature. _9129746 |
||
| 880 |
_6100-01\(3\r _aڈاکٹر سلیم اختر |
||
| 880 |
_6245-02\(03\r _aاردو ادب کی مختصر ترین تاریخ آغاز تا ۲۰۱۰ تک |
||
| 880 |
_6260-03\(03\r _a لاہور _bسنگِ میل پبلیکیشنز _c2018 |
||
| 942 |
_2ddc _cBK |
||
| 999 |
_c614295 _d614295 |
||